Biblia Sacra Vulgatae Editionis / (Record no. 152093)
[ view plain ]
| 000 -LEADER | |
|---|---|
| campo de control de longitud fija | 00996nam a2200253 i 4500 |
| 001 - NÚMERO DE CONTROL | |
| campo de control | 152093 |
| 003 - IDENTIFICADOR DE NÚMERO DE CONTROL | |
| campo de control | ES-MaACL |
| 005 - FECHA Y HORA DE LA ÚLTIMA TRANSACCIÓN | |
| campo de control | 20230906204530.0 |
| 008 - DATOS DE LONGITUD FIJA--INFORMACIÓN GENERAL | |
| campo de control de longitud fija | 991104s1620 fr a |||| | lat d |
| 040 ## - FUENTE DE CATALOGACIÓN | |
| Centro catalogador/agencia de origen | EUS |
| Lengua de catalogación | spa |
| Centro/agencia transcriptor | EUS |
| 130 0# - ENTRADA PRINCIPAL--TÍTULO UNIFORME | |
| Título uniforme | Biblia. |
| Lenguaje de la obra | Latín. |
| 9 (RLIN) | 119288 |
| 245 10 - MENCIÓN DEL TÍTULO | |
| Título | Biblia Sacra Vulgatae Editionis / |
| Mención de responsabilidad, etc. | Sixti Quinti Pont. Max. Iussu recognita atque edita. |
| 260 ## - PUBLICACIÓN, DISTRIBUCIÓN, ETC. | |
| Lugar de publicación, distribución, etc. | Lugduni : |
| Nombre del editor, distribuidor, etc. | Sumpt. & Haered. Guil. Rouillij, |
| Fecha de publicación, distribución, etc. | 1620 ( |
| Fabricante | ex typographia Irenaei Barlet) |
| 300 ## - DESCRIPCIÓN FÍSICA | |
| Extensión | 975, [1], 32, [70] p. ; |
| Dimensiones | 18 cm. |
| 596 ## - NOTA AL PIE DE IMPRENTA | |
| NOTA AL PIE DE IMPRENTA | Colofón. |
| 597 ## - NOTA DE DESCRIPCIÓN FÍSICA | |
| NOTA DE DESCRIPCIÓN FÍSICA | Sign.: [Cruz latina]8, A-Z8, 2A-2Z8, 3A-3V8, 3X3. |
| 597 ## - NOTA DE DESCRIPCIÓN FÍSICA | |
| NOTA DE DESCRIPCIÓN FÍSICA | Texto fileteado a dos col. |
| 597 ## - NOTA DE DESCRIPCIÓN FÍSICA | |
| NOTA DE DESCRIPCIÓN FÍSICA | Apostillas marginales. |
| 597 ## - NOTA DE DESCRIPCIÓN FÍSICA | |
| NOTA DE DESCRIPCIÓN FÍSICA | Error de sign.: 3V2 por 3X2. |
| 599 ## - NOTA A LAS ILUSTRACIONES | |
| NOTA A LAS ILUSTRACIONES | Port. grab. calc. arquitectónica: "Haurietis aquas de fontibus Salvatoris Isa 12" |
| 700 1# - ENTRADA AGREGADA--NOMBRE PERSONAL | |
| Nombre de persona | Sixto |
| Numeración | V, |
| Títulos y otros términos asociados al nombre | Papa. |
| 9 (RLIN) | 161076 |
| 852 ## - LOCALIZACIÓN | |
| Ubicación | ES-MaACL |
| Número de control de estantería | R-970-72 |
| Nota libre | -- Enc. pasta |
| -- | -- Enc. 1 t. en 3 v. |
| Encuadernación | -- Olim: G-9504-6 |
| Estatus retirado | Estado de pérdida | Estado de daño | No para préstamo | Colección | Biblioteca de origen | Biblioteca actual | Ubicación en estantería | Fecha de adquisición | Total de préstamos | Signatura topográfica completa | Código de barras | Visto por última vez | Precio de reemplazo | Tipo de ítem Koha |
|---|---|---|---|---|---|---|---|---|---|---|---|---|---|---|
| Libros del s. XVII | Biblioteca del Ateneo de Madrid | Biblioteca del Ateneo de Madrid | Depósito | 17/01/2008 | R-970-72 | 1158762 | 23/02/2023 | 23/02/2023 | Libro impreso antiguo |
